Régimen de los menores de edad /

Guardado en:
Autor Principal: Solari, Néstor E.
Formato: Libro
Idioma:Spanish
Publicado: Buenos Aires : La Ley, 2012
Edición:1a. ed.
Materias:
Etiquetas: Agregar Etiqueta
Sin Etiquetas, Sea el primero en etiquetar este registro!
LEADER 00742nam a22001815a 4500
001 DER.der012556
008 180615s2012####|||||||||||||||||#||spa||
005 20251205154025.0
245 1 0 |a Régimen de los menores de edad /  |c Néstor E. Solari , dirigido por María Isabel Benavente 
250 |a 1a. ed. 
260 |a Buenos Aires :  |b La Ley,  |c 2012 
300 |a 718 p. 
500 |a El período de sospecha; El perjuicio; El conocimiento del Estado de cesación de pagos; La autorización de los acreedores; Régimen procesal; La revocatoria ordinaria en la quiebra 
020 |a 9789870323877 
100 1 |a Solari, Néstor E. 
700 1 |a Benavente, María Isabel,  |e dir. 
650 7 |a DERECHO DE FAMILIA 
859 |a DERECHO  |b BIB. DERECHO  |h 346.013  |i BEN  |p 007391